Antioxidačné a antimikrobiálne účinky vybraných prírodných antioxidantov + CD-ROM

Na minha lista:
Detalhes bibliográficos
Autor principal: Adamová, Adriana
Formato: Livro
Idioma:eslovaco
Publicado em: Bratislava STU v Bratislave FCHPT 2005
Acesso em linha:View in OPAC
Tags: Adicionar Tag
Sem tags, seja o primeiro a adicionar uma tag!

MARC

LEADER 00000nam a2200000 a 4500
005 20260127134049.0
008 050630 2005 xo 000 0 slo d
035 |a vtls008181861 
039 9 |y 200506300825  |z mschk03 
040 |a STUSCHK1  |b slo  |c STUSCHK1  |e AACR2 
100 1 |a Adamová, Adriana 
245 1 |a Antioxidačné a antimikrobiálne účinky vybraných prírodných antioxidantov  |b + CD-ROM 
260 |a Bratislava  |b STU v Bratislave FCHPT  |c 2005 
300 |a 69 s. 
500 |a Obháj.: 9.6. 2005 
500 |a Špec.: Technológoa mlieka, tukov a kozmetiky 
910 |a SCHK95 
999 |c 3232  |d 3232